Çağdaş Türk basımcılığının önderi Ajans Türk Basın ve Basım Kurumu A.Ş.'nin 52 yılı (Record no. 890)

MARC details
000 -BAŞLIK
Sabit Uzunlukta Kontrol Alanı 00892na a2200253 4500
001 - KONTROL NUMARASI
Denetim Alanı 13934
003 - KONTROL NUMARASI IDENTIFIER
Denetim Alanı MIRAKIL
005 - SON İŞLEM TARİHİ VE ZAMANI
Denetim Alanı 20181213154805.0
008 - SABİT-BOY VERİ ELEMANLARI - GENEL BİLGİLER
Sabit Uzunlukta Kontrol Alanı 161025b tu 000 0
040 ## - KATALOGLAMA KAYNAK
Orijinal Kataloglama Ajansı Milas
Kataloglama Dili tur
Metne Dönüştürmek Ajansı TR-AnCHP
041 ## - DİL KODU
Metin / Ses Parça Veya Ayrı Başlığın Dil Kodu tur
082 ## - DEWEY ONLU SINIFLANDIRMA NUMARASI
Sınıflandırma Numarası 070.509561
Ürün Numarası A45aç 2003
090 ## - SINIFLAMA NUMARASI
Sınıflama Numarası 070.509561 A45ç 2003
240 ## - ÜNİFORM BAŞLIK
Üniforma Başlık <a href="Ajans Türk">Ajans Türk</a>
245 ## - BAŞLIK TABLOSU
Başlık Çağdaş Türk basımcılığının önderi Ajans Türk Basın ve Basım Kurumu A.Ş.'nin 52 yılı
Başlığın Kalan 52 yıllık süreçte Ajans-Tür
-- 1951-2003
Sorumluluk Tablosu, Vb metin yazarları ve yayına hazırlık Nevzat Dağlı, Nadircan Dağlı
246 ## - UNVAN FORM VARYING
Başlık Doğru / Kısa Başlığı 52 yıllık süreçte Ajans Türk
260 ## - YAYIN, DAĞITIM, VB
Yayın, Dağıtım, Vb Yeri [y.y]
Yayıncı, Dağıtıcı, Vs Adı [ yayl. y.]
Yayın, Dağıtım, Vb Tarihi 2003
300 ## - FİZİKSEL TANIM
Kapsam iv,180 s.
Diğer Fiziksel Ayrıntıları fotg.
Boyutlar 28 sm.
610 ## - KONU KATMA GİRİŞ - TOPLANTI ADI
Giriş Elemanı Olarak Kurumsal Ad Veya Yargı Alanı Adı Ajans Türk
Genel Alt Bölüm Tarih
650 ## - KONU KATMA GİRİŞ - TOPİKAL DÖNEM
Topikal Süreli Veya Coğrafi Ad Giriş Elemanı Haber ajansları
Genel Alt Bölümü Tarih
Coğrafi Alt Bölümü Türkiye
650 ## - KONU KATMA GİRİŞ - TOPİKAL DÖNEM
Topikal Süreli Veya Coğrafi Ad Giriş Elemanı Yayıncılık
Genel Alt Bölümü Tarih
Coğrafi Alt Bölümü Türkiye
700 ## - KATMA GİRİŞ - KİŞİSEL İSİM
Kişisel Ad Dağlı, Nadircan
942 ## - EKLENDİ GİRİŞ ELEMANLARI (KOHA)
Sınıflandırma Veya Raf Düzeni Kaynak
Koha Öğesi Türü Books
999 ## - SİSTEM KONTROL NUMARALARI (KOHA)
Koha Biblionumber 890
Koha Biblioitemnumber 890
Holdings
Kalıcı Konum Mevcut Konum Edinme Tarihi Edinim Kaynak Toplam Check-Out'Lar Tam Çağrı Numarası Barkod Tarih Son Görülme İtibaren Geçerli Fiyatlar Koha Öğesi Türü
CHP Kütüphanesi CHP Kütüphanesi 08/22/2016 Bağış   070.509561 A45ç 2003 001599 08/22/2016 08/22/2016 Books